[Event "ch-city"]
[Site "Milanowek"]
[Date "2009.06.23"]
[Round "4.13"]
[White "Kolinski, Daniel"]
[Black "Wieclawska, Katarzyna"]
[Result "1-0"]
[WhiteElo "1742"]
[BlackElo "1588"]
[PlyCount "93"]
[EventDate "2009.06.20"]
[EventRounds "9"]
[EventCountry "POL"]

1. e4 d5 2. exd5 Qxd5 3. Nc3 Qa5 4. Bc4 Nf6 5. d3 c6 6. h3 Bf5 7. Nf3 e6 8. Qe2
Bb4 9. Bd2 Nd5 10. Bxd5 cxd5 11. Nd4 Bg6 12. Nxe6 fxe6 13. Qxe6+ Be7 14. Nxd5
Qd8 15. Bf4 Bf7 16. Nc7+ Qxc7 17. Qxf7+ Kxf7 18. Bxc7 Bf6 19. c3 Re8+ 20. Kd2
Re7 21. Bf4 Nc6 22. Rhe1 Rd7 23. Kc2 Rc8 24. Be3 Nb4+ 25. Kb3 Nxd3 26. Red1 b6
27. a4 Rcd8 28. Kc2 Nb4+ 29. cxb4 Rxd1 30. Rxd1 Rxd1 31. Kxd1 Bxb2 32. Kc2 Be5
33. Kd3 Ke6 34. Kc4 Bb8 35. g3 h6 36. Kb5 Kd5 37. Ka6 Kc4 38. Kb7 Bd6 39. Kxa7
Kxb4 40. Kxb6 Kxa4 41. Kc6 Be5 42. Kd5 Bc3 43. Bd4 Be1 44. Ke4 Kb5 45. Bxg7
Bxf2 46. Kf3 Bc5 47. Bxh6 1-0

[Event "ch-city"]
[Site "Milanowek"]
[Date "2009.06.23"]
[Round "4.16"]
[White "Budrewicz, Henryk"]
[Black "Paziewski, Marcin"]
[Result "1-0"]
[WhiteElo "1671"]
[BlackElo "1818"]
[PlyCount "51"]
[EventDate "2009.06.20"]
[EventRounds "9"]
[EventCountry "POL"]

1. d4 e6 2. e3 d5 3. Bd3 c5 4. c3 cxd4 5. exd4 Nf6 6. Bg5 Be7 7. Nd2 h6 8. Bh4
O-O 9. f4 Nc6 10. Ngf3 a6 11. O-O Ng4 12. Bxe7 Nxe7 13. Re1 Nf5 14. Nf1 Nh4 15.
h3 Nxf3+ 16. Qxf3 Nf6 17. g4 b5 18. g5 hxg5 19. fxg5 Ne4 20. h4 f5 21. Bxe4
dxe4 22. Qh5 Re8 23. g6 Qf6 24. Ng3 Ra7 25. Qh7+ Kf8 26. Nxe4 1-0

[Event "ch-city"]
[Site "Milanowek"]
[Date "2009.06.24"]
[Round "5.1"]
[White "Rudolf, Michal"]
[Black "Matuszewski, Michal"]
[Result "1/2-1/2"]
[WhiteElo "2377"]
[BlackElo "2316"]
[PlyCount "107"]
[EventDate "2009.06.20"]
[EventRounds "9"]
[EventCountry "POL"]

1. d4 Nf6 2. c4 d6 3. Nf3 Nbd7 4. Nc3 e5 5. e4 c6 6. Be2 Qc7 7. O-O Be7 8. Re1
Nf8 9. h3 h6 10. b3 g5 11. Bb2 Ng6 12. Nh2 h5 13. Nf1 Bd7 14. Ne3 O-O-O 15. Nf5
Bf8 16. Qd2 Nf4 17. Rad1 Nxe4 18. Nxe4 Bxf5 19. Ng3 Bg6 20. dxe5 Rg8 21. Bf1 d5
22. cxd5 Rxd5 23. Qe3 $11 Bb4 24. Bc3 Rgd8 25. Rc1 Ba3 26. Ra1 Bc5 27. Qc1 Bd3
28. Bd2 Qb6 29. Nh1 Bxf1 30. Bxf4 gxf4 31. Rxf1 Rd2 32. Qc4 f3 33. g3 Bd4 34.
Rac1 h4 35. Rc2 Rxc2 36. Qxc2 hxg3 37. Nxg3 Kb8 38. Qf5 Qc7 39. Qxf3 Qxe5 40.
Kg2 Qd5 41. Rd1 Kc7 42. Rd3 Qxf3+ 43. Rxf3 f6 44. h4 Be5 45. Nf5 Rg8+ 46. Kf1
Rh8 47. Ke2 Kd7 48. Kd3 a5 49. Ke4 b5 50. Rh3 c5 51. h5 c4 52. bxc4 bxc4 53. f4
Bb8 54. Rc3 $11 1/2-1/2

[Event "ch-city"]
[Site "Milanowek"]
[Date "2009.06.24"]
[Round "5.2"]
[White "Alvarado, Carlos"]
[Black "Nguyen, Piotr"]
[Result "1-0"]
[WhiteElo "2184"]
[BlackElo "2360"]
[PlyCount "87"]
[EventDate "2009.06.20"]
[EventRounds "9"]
[EventCountry "POL"]

1. d4 d6 2. c4 e5 3. dxe5 dxe5 4. Qxd8+ Kxd8 5. Nf3 f6 6. Nc3 c6 7. g3 Kc7 8.
Bg2 Be6 9. b3 Nd7 10. Bb2 a5 11. Nd2 h5 12. h4 Nc5 13. Nde4 Nh6 14. O-O Nf7 15.
Nxc5 Bxc5 16. e3 g5 17. Ne4 Be7 18. hxg5 fxg5 19. f4 Rhg8 20. f5 Bd7 21. c5 g4
22. Rad1 a4 23. b4 Rae8 24. f6 Bf8 25. Nd6 Bxd6 26. Rxd6 Be6 27. a3 Bc4 28. Rc1
Bb3 29. Rd2 Rg6 30. Rf1 Re6 31. Rf5 Rgxf6 32. Rxh5 Re7 33. Rh7 Rfe6 34. Rg7 Nh6
35. Rg5 e4 36. Rf2 Bc4 37. Rf8 Be2 38. Bc3 Bf3 39. Bf1 Re8 40. Rxe8 Rxe8 41.
Bc4 Kb8 42. Rh5 Rd8 43. Bd4 b5 44. cxb6 1-0

[Event "ch-city"]
[Site "Milanowek"]
[Date "2009.06.24"]
[Round "5.4"]
[White "Goslawski, Michal"]
[Black "Solnicki, Michal"]
[Result "1-0"]
[WhiteElo "1999"]
[BlackElo "1997"]
[PlyCount "79"]
[EventDate "2009.06.20"]
[EventRounds "9"]
[EventCountry "POL"]

1. d4 d5 2. Nf3 Nf6 3. c4 c6 4. Nc3 e6 5. g3 dxc4 6. Bg2 b5 7. O-O Bb4 8. a4
O-O 9. Qc2 a6 10. axb5 Bxc3 11. bxc3 cxb5 12. e4 h6 13. e5 Nd5 14. Nd2 Qc7 15.
Ba3 Rd8 16. Bd6 Rxd6 17. exd6 Qxd6 18. Rfe1 Nd7 19. f4 g6 20. Nf3 Bb7 21. Ne5
Nxe5 22. Rxe5 Qb6 23. Rae1 Rd8 24. Rxe6 fxe6 25. Qxg6+ Kf8 26. Rxe6 Qc7 27.
Bxd5 Bxd5 28. Qf6+ Kg8 29. Re7 Qxe7 30. Qxe7 Ra8 31. Qd6 Bf7 32. Qxh6 b4 33.
cxb4 Rc8 34. f5 Rc7 35. f6 Be8 36. Qg5+ Kf8 37. Qh6+ Kg8 38. Qg5+ Kf8 39. Qe5
Rc8 40. Qe7+ 1-0

[Event "ch-city"]
[Site "Milanowek"]
[Date "2009.06.24"]
[Round "5.6"]
[White "Zochowski, Wieslaw"]
[Black "Grochulski, Grzegorz"]
[Result "0-1"]
[WhiteElo "1812"]
[BlackElo "1949"]
[PlyCount "60"]
[EventDate "2009.06.20"]
[EventRounds "9"]
[EventCountry "POL"]

1. e4 c5 2. Nf3 Nc6 3. d4 cxd4 4. Nxd4 Nf6 5. Nc3 e5 6. Ndb5 d6 7. Bd3 a6 8.
Na3 b5 9. Nd5 Be7 10. c3 Be6 11. Nxe7 Nxe7 12. O-O O-O 13. f4 exf4 14. Bxf4 Ng6
15. Bg5 Qb6+ 16. Kh1 Ng4 17. Qe1 f6 18. Bd2 Rfe8 19. h3 N4e5 20. Be2 d5 21.
exd5 Bxd5 22. Qf2 Qxf2 23. Rxf2 Rad8 24. Rd1 Bxa2 25. Bf3 Nxf3 26. gxf3 Rd3 27.
Rdf1 Bd5 28. Nc2 Bxf3+ 29. Rxf3 Rxd2 30. Nd4 Rxb2 0-1

[Event "ch-city"]
[Site "Milanowek"]
[Date "2009.06.24"]
[Round "5.7"]
[White "Rozowski, Marcin"]
[Black "Szymczak, Rafal"]
[Result "1-0"]
[WhiteElo "1795"]
[BlackElo "2025"]
[PlyCount "91"]
[EventDate "2009.06.20"]
[EventRounds "9"]
[EventCountry "POL"]

1. e4 d5 2. exd5 Qxd5 3. Nc3 Qd6 4. d4 Nf6 5. Nf3 a6 6. g3 b5 7. Bg2 Bb7 8. O-O
e6 9. a4 b4 10. Na2 c5 11. dxc5 Qxd1 12. Rxd1 Bxc5 13. c3 a5 14. Bd2 Na6 15.
Ne5 Bxg2 16. Kxg2 Nd5 17. Nd3 Be7 18. cxb4 axb4 19. b3 O-O 20. Rac1 Rfc8 21.
Rxc8+ Rxc8 22. Rc1 Rxc1 23. Naxc1 Bd6 24. Ne2 e5 25. g4 g6 26. Ng3 Kf8 27. Ne4
Ke7 28. g5 Ke6 29. Nxd6 Kxd6 30. Kf3 Ke6 31. Ke4 f5+ 32. gxf6 Nxf6+ 33. Ke3 Kf5
34. Nxb4 Nxb4 35. Bxb4 Nd5+ 36. Kd3 Nxb4+ 37. Kc4 Nc6 38. Kc5 Nb8 39. a5 Ke6
40. Kb6 Kd5 41. a6 Nc6 42. b4 Ne7 43. Kb7 Nc6 44. b5 Na5+ 45. Kc7 Kc5 46. a7
1-0

[Event "ch-city"]
[Site "Milanowek"]
[Date "2009.06.24"]
[Round "5.8"]
[White "Borowicz, Przemyslaw"]
[Black "Tulwin, Michal"]
[Result "1-0"]
[WhiteElo "1996"]
[BlackElo "1808"]
[PlyCount "71"]
[EventDate "2009.06.20"]
[EventRounds "9"]
[EventCountry "POL"]

1. d4 f5 2. g3 g6 3. Bg2 Bg7 4. Nf3 Nf6 5. O-O d6 6. c4 O-O 7. Nc3 Nbd7 8. Ng5
Nb6 9. c5 dxc5 10. dxc5 Qxd1 11. Rxd1 Nc4 12. Nd5 c6 13. Nxe7+ Kh8 14. Rd8 Ne5
15. Rxf8+ Bxf8 16. Nxc8 Rxc8 17. b4 Nc4 18. e3 Nd5 19. Bf1 b5 20. a3 a5 21. Ne6
Be7 22. Rb1 Kg8 23. Nd4 Kf7 24. Bg2 Nc3 25. Rb3 Na2 26. Rb1 Nc3 27. Ra1 Bf6 28.
Kf1 Bxd4 29. exd4 Ra8 30. Bxc6 Ra6 31. Bb7 Ra7 32. c6 Nd5 33. bxa5 Nxa5 34. Rb1
Nc3 35. c7 Rxb7 36. c8=Q 1-0

[Event "ch-city"]
[Site "Milanowek"]
[Date "2009.06.24"]
[Round "5.9"]
[White "Staniak, Mariusz"]
[Black "Kolinski, Daniel"]
[Result "1-0"]
[WhiteElo "1949"]
[BlackElo "1742"]
[PlyCount "53"]
[EventDate "2009.06.20"]
[EventRounds "9"]
[EventCountry "POL"]

1. d4 Nf6 2. c4 c5 3. e3 e6 4. Nf3 d5 5. Nc3 Nc6 6. Be2 a6 7. O-O Bd6 8. b3 Ng4
9. dxc5 Bc7 10. cxd5 exd5 11. Nxd5 O-O 12. Bb2 Nce5 13. Nxc7 Qxc7 14. Nxe5 Nxe5
15. Qd4 f6 16. Qd5+ Kh8 17. Rfd1 Nf7 18. Bc4 Ng5 19. Qd6 Qxd6 20. cxd6 Be6 21.
Bxe6 Nxe6 22. Ba3 Rfd8 23. Rac1 b5 24. Rc6 a5 25. d7 Nf8 26. Bxf8 Rxf8 27. Ra6
1-0

[Event "ch-city"]
[Site "Milanowek"]
[Date "2009.06.24"]
[Round "5.11"]
[White "Kowalik, Pawel"]
[Black "Wyszomirski, Krzysztof"]
[Result "0-1"]
[WhiteElo "1846"]
[BlackElo "1683"]
[PlyCount "42"]
[EventDate "2009.06.20"]
[EventRounds "9"]
[EventCountry "POL"]

1. c4 c5 2. Nf3 Nf6 3. Nc3 e6 4. d4 cxd4 5. Nxd4 Be7 6. g3 O-O 7. Bg2 Nc6 8.
O-O a6 9. a3 Qc7 10. b4 d6 11. f4 Bd7 12. Bb2 Rac8 13. Rc1 Ng4 14. Qd2 Nxd4 15.
Qxd4 Bf6 16. Qd3 Qb6+ 17. c5 dxc5 18. Qxd7 cxb4+ 19. Kh1 bxc3 20. Bf3 Ne3 21.
Rfe1 Rcd8 0-1

[Event "ch-city"]
[Site "Milanowek"]
[Date "2009.06.24"]
[Round "5.12"]
[White "Lasota, Adam"]
[Black "Jarmuzynska, Kamila"]
[Result "1-0"]
[WhiteElo "1753"]
[BlackElo "1697"]
[PlyCount "93"]
[EventDate "2009.06.20"]
[EventRounds "9"]
[EventCountry "POL"]

1. d4 Nf6 2. c4 c5 3. d5 d6 4. Nc3 g6 5. e4 Bg7 6. Be2 a6 7. a4 O-O 8. f4 e6 9.
Nf3 exd5 10. cxd5 Re8 11. Qc2 b6 12. O-O Bb7 13. Ra3 Nbd7 14. Bc4 Qc7 15. Be3
Rac8 16. h3 Nh5 17. Re1 Bd4 18. Ne2 Bg7 19. Bf2 Bh6 20. g3 Re7 21. Re3 Rce8 22.
Nc3 Bc8 23. Qe2 Qa7 24. Ng5 Bxg5 25. fxg5 Ne5 26. g4 Nf4 27. Qf1 Qd7 28. Bxa6
Bxa6 29. Qxa6 Nxh3+ 30. Rxh3 Qxg4+ 31. Rg3 Nf3+ 32. Kf1 Nd2+ 33. Kg2 Qd7 34.
Qd3 Nb3 35. Nb5 Na5 36. Ree3 Re5 37. Qe2 Qe7 38. Qg4 Nc4 39. Re2 Qd8 40. b3 Na5
41. Be1 Nxb3 42. Bc3 Nd4 43. Nxd4 cxd4 44. Bxd4 h5 45. gxh6 Rh5 46. Qxh5 Kh7
47. Qg5 1-0

[Event "ch-city"]
[Site "Milanowek"]
[Date "2009.06.24"]
[Round "5.14"]
[White "Kowalewska, Agata"]
[Black "Budrewicz, Henryk"]
[Result "1-0"]
[WhiteElo "1647"]
[BlackElo "1671"]
[PlyCount "55"]
[EventDate "2009.06.20"]
[EventRounds "9"]
[EventCountry "POL"]

1. e4 b6 2. d4 e6 3. c4 Bb7 4. Nc3 Bb4 5. Bd3 Nf6 6. f3 O-O 7. Nge2 d6 8. Bg5
h6 9. Bh4 g5 10. Bg3 Nbd7 11. h4 Bxc3+ 12. Nxc3 Nh5 13. Bf2 Nf4 14. hxg5 Nxd3+
15. Qxd3 Qxg5 16. Be3 Qg3+ 17. Ke2 f5 18. Rxh6 Rf6 19. Rh5 Raf8 20. Rah1 Kf7
21. Rg5 Qxg5 22. Bxg5 Rg6 23. Rh7+ Rg7 24. Rxg7+ Kxg7 25. Qe3 Rg8 26. exf5 e5
27. dxe5 dxe5 28. Nb5 1-0

[Event "ch-city"]
[Site "Milanowek"]
[Date "2009.06.25"]
[Round "6.1"]
[White "Woloszyn, Piotr"]
[Black "Rudolf, Michal"]
[Result "0-1"]
[WhiteElo "1831"]
[BlackElo "2377"]
[PlyCount "46"]
[EventDate "2009.06.20"]
[EventRounds "9"]
[EventCountry "POL"]

1. e4 c5 2. b3 b6 3. c4 Bb7 4. d3 e6 5. Bb2 Nf6 6. Nd2 d5 7. Qb1 Be7 8. Be2 Nc6
9. Nh3 dxe4 10. Nxe4 Nd4 11. Bd1 Nxe4 12. dxe4 f5 13. f3 fxe4 14. fxe4 O-O 15.
Rf1 Qd6 16. g3 Qe5 17. Nf2 Rad8 18. Bc1 Nf3+ 19. Bxf3 Qc3+ 20. Ke2 Qxf3+ 21.
Ke1 Rd1+ 22. Nxd1 Qxf1+ 23. Kd2 Rd8+ 0-1

[Event "ch-city"]
[Site "Milanowek"]
[Date "2009.06.25"]
[Round "6.2"]
[White "Matuszewski, Michal"]
[Black "Alvarado, Carlos"]
[Result "1-0"]
[WhiteElo "2316"]
[BlackElo "2184"]
[PlyCount "161"]
[EventDate "2009.06.20"]
[EventRounds "9"]
[EventCountry "POL"]

1. Nf3 d5 2. g3 Nf6 3. Bg2 g6 4. O-O Bg7 5. d3 O-O 6. Nbd2 c6 7. c3 Qc7 8. e4
Nbd7 9. Re1 dxe4 10. dxe4 Nc5 11. Qc2 Rd8 12. Bf1 a5 13. Rb1 b5 14. b4 Na4 15.
c4 axb4 16. Rxb4 Qa5 17. a3 Ng4 18. cxb5 cxb5 19. h3 Ne5 20. Nxe5 Bxe5 21. Bxb5
Nb6 22. Nb3 Qa7 23. Bc6 Rb8 24. Be3 Qc7 25. f4 Bd6 26. Rb5 Bd7 27. Na5 Rdc8 28.
e5 Bxa3 29. Ra1 Bb4 30. Rxb4 Nd5 31. Rxb8 Rxb8 32. Bd2 Qb6+ 33. Kg2 Rc8 34. Rc1
Qd4 35. Rf1 Bf5 36. Qd1 Bd3 37. Re1 Be4+ 38. Rxe4 Qxe4+ 39. Qf3 Qxf3+ 40. Kxf3
e6 41. Bxd5 exd5 42. Nb3 Ra8 43. Nd4 Ra3+ 44. Be3 h5 45. g4 hxg4+ 46. hxg4 Kg7
47. f5 gxf5 48. gxf5 Ra1 49. e6 fxe6 50. Nxe6+ Kf7 51. Bd4 Rf1+ 52. Kg4 Rd1 53.
Kf4 Re1 54. Ng5+ Ke7 55. f6+ Kd6 56. Bc5+ Kd7 57. f7 Re8 58. fxe8=Q+ Kxe8 59.
Ke5 Kd8 60. Kxd5 Kc8 61. Kc6 Kb8 62. Ne6 Ka8 63. Nc7+ Kb8 64. Bd4 Kc8 65. Ba7
Kd8 66. Nd5 Ke8 67. Kd6 Kf7 68. Ne7 Kf6 69. Be3 Kf7 70. Bd4 Ke8 71. Ke6 Kd8 72.
Bb6+ Ke8 73. Bc7 Kf8 74. Nf5 Ke8 75. Ng7+ Kf8 76. Kf6 Kg8 77. Kg6 Kf8 78. Bd6+
Kg8 79. Be7 Kh8 80. Nf5 Kg8 81. Nh6+ 1-0

[Event "ch-city"]
[Site "Milanowek"]
[Date "2009.06.25"]
[Round "6.4"]
[White "Nguyen, Piotr"]
[Black "Grochulski, Grzegorz"]
[Result "1-0"]
[WhiteElo "2360"]
[BlackElo "1949"]
[PlyCount "69"]
[EventDate "2009.06.20"]
[EventRounds "9"]
[EventCountry "POL"]

1. d4 d5 2. c4 Nc6 3. Nf3 Bg4 4. cxd5 Qxd5 5. Nc3 Qd6 6. d5 Ne5 7. Nd4 Qd8 8.
f4 Nd7 9. h3 e5 10. hxg4 exd4 11. Qxd4 Ngf6 12. g5 Bc5 13. Qd3 Ng4 14. Qe4+ Qe7
15. Qxe7+ Kxe7 16. e4 Nf2 17. Rh2 f6 18. g3 Ng4 19. gxf6+ Ndxf6 20. Re2 h5 21.
e5 Ng8 22. Bd2 a5 23. Ne4 Bd4 24. Bc3 Bxc3+ 25. bxc3 N8h6 26. c4 b6 27. c5 bxc5
28. Rc2 Ne3 29. Rxc5 Nxf1 30. Kxf1 Kd7 31. Rac1 Rhc8 32. e6+ Kd8 33. d6 cxd6
34. e7+ Kd7 35. Rxc8 1-0

[Event "ch-city"]
[Site "Milanowek"]
[Date "2009.06.25"]
[Round "6.5"]
[White "Staniak, Mariusz"]
[Black "Adamski, Jan"]
[Result "0-1"]
[WhiteElo "1949"]
[BlackElo "2300"]
[PlyCount "68"]
[EventDate "2009.06.20"]
[EventRounds "9"]
[EventCountry "POL"]

1. d4 Nf6 2. c4 e6 3. Nf3 Bb4+ 4. Nc3 c5 5. e3 b6 6. Bd3 Bb7 7. O-O O-O 8. Qe2
Bxc3 9. bxc3 Be4 10. Rd1 Nc6 11. Bb2 Na5 12. Rac1 a6 13. Qc2 Nxc4 14. Bxe4 Nxe4
15. Qxe4 Nxb2 16. Rd2 Nc4 17. Rdd1 d5 18. Qg4 f5 19. Qf4 Rc8 20. Ne5 Nxe5 21.
Qxe5 Qf6 22. Qxf6 gxf6 23. c4 Rfd8 24. cxd5 Rxd5 25. dxc5 Rcxc5 26. Kf1 Kf7 27.
Ke2 Rxd1 28. Rxc5 bxc5 29. Kxd1 e5 30. Kc2 Ke6 31. Kc3 Kd5 32. f3 c4 33. h3 f4
34. exf4 exf4 0-1

[Event "ch-city"]
[Site "Milanowek"]
[Date "2009.06.25"]
[Round "6.6"]
[White "Solnicki, Michal"]
[Black "Rozowski, Marcin"]
[Result "0-1"]
[WhiteElo "1997"]
[BlackElo "1795"]
[PlyCount "76"]
[EventDate "2009.06.20"]
[EventRounds "9"]
[EventCountry "POL"]

1. d4 d5 2. c4 e6 3. Nf3 Nf6 4. Bg5 Be7 5. Nc3 O-O 6. e3 h6 7. Bh4 b6 8. cxd5
Nxd5 9. Bxe7 Qxe7 10. Bd3 Bb7 11. O-O Nd7 12. Rc1 c5 13. Nxd5 Bxd5 14. e4 Bb7
15. Qe2 Rfc8 16. Ba6 Nf6 17. Bxb7 Qxb7 18. e5 Nd7 19. dxc5 Rxc5 20. b4 Rc7 21.
h3 Rac8 22. Rxc7 Qxc7 23. Rd1 Nf8 24. a3 Ng6 25. g3 Ne7 26. Nd4 Nd5 27. Rd3 Qc4
28. Qf3 a5 29. bxa5 bxa5 30. Kg2 Qc7 31. Qe2 Qc4 32. Qf3 Qc7 33. Qe4 Qc4 34.
Rf3 Rb8 35. Qg4 Rb1 36. Rxf7 Qf1+ 37. Kf3 Qh1+ 38. Ke2 Qd1# 0-1

[Event "ch-city"]
[Site "Milanowek"]
[Date "2009.06.25"]
[Round "6.7"]
[White "Wyszomirski, Krzysztof"]
[Black "Borowicz, Przemyslaw"]
[Result "0-1"]
[WhiteElo "1683"]
[BlackElo "1996"]
[PlyCount "76"]
[EventDate "2009.06.20"]
[EventRounds "9"]
[EventCountry "POL"]

1. e4 e6 2. d4 d5 3. Nc3 Bb4 4. e5 c5 5. a3 Bxc3+ 6. bxc3 Ne7 7. h4 Qc7 8. Bd2
Nbc6 9. Nf3 Bd7 10. Bd3 c4 11. Be2 f6 12. Bf4 Ng6 13. Bg3 fxe5 14. Nxe5 Ngxe5
15. dxe5 O-O 16. O-O Rf7 17. f4 Raf8 18. Bh5 g6 19. Bg4 Nxe5 20. Be2 Nc6 21.
Kh2 Qd8 22. Kh1 Ne7 23. h5 Nf5 24. Rf3 Nxg3+ 25. Rxg3 Qh4+ 26. Rh3 Qxf4 27.
hxg6 hxg6 28. Bf3 Rh7 29. Rxh7 Kxh7 30. Qe1 Kg7 31. Rd1 Rh8+ 32. Kg1 Qh2+ 33.
Kf2 Qh4+ 34. g3 Qh2+ 35. Kf1 Rf8 36. Qe5+ Kh7 37. Qe3 e5 38. Ke1 Qxg3+ 0-1

[Event "ch-city"]
[Site "Milanowek"]
[Date "2009.06.25"]
[Round "6.8"]
[White "Kowalska, Elzbieta"]
[Black "Zochowski, Wieslaw"]
[Result "1-0"]
[WhiteElo "1910"]
[BlackElo "1812"]
[PlyCount "101"]
[EventDate "2009.06.20"]
[EventRounds "9"]
[EventCountry "POL"]

1. e4 e5 2. Nf3 Nc6 3. d4 exd4 4. Nxd4 Bc5 5. Nb3 Bb6 6. a4 a6 7. Nc3 Nf6 8. a5
Ba7 9. Bg5 d6 10. Qd2 Be6 11. Nd5 Bxd5 12. exd5 Qe7+ 13. Be2 Ne5 14. f3 h6 15.
Bxf6 Qxf6 16. O-O-O O-O-O 17. f4 Nd7 18. Kb1 Rhe8 19. g3 Re7 20. Bd3 Rde8 21.
Rhf1 Be3 22. Qb4 Bc5 23. Qc4 Re3 24. Nd2 Qe7 25. b4 Ba7 26. b5 axb5 27. Qxb5
Nc5 28. Nc4 Qd7 29. Qxd7+ Kxd7 30. Nxe3 Rxe3 31. Rfe1 Rxe1 32. Rxe1 Nxd3 33.
cxd3 Bc5 34. Kc2 Bd4 35. Kb3 Kd8 36. Kc4 Bf6 37. f5 Kd7 38. Re4 Be5 39. d4 Bf6
40. h4 Kd8 41. Re2 Kd7 42. Rb2 Kc8 43. Rb3 Be7 44. Kb5 Bf6 45. Kc4 Be7 46. Rb4
Bf6 47. Kb5 Kd7 48. Ra4 Kc8 49. a6 bxa6+ 50. Kc6 Bxd4 51. Rxd4 1-0

[Event "ch-city"]
[Site "Milanowek"]
[Date "2009.06.25"]
[Round "6.10"]
[White "Szymczak, Rafal"]
[Black "Lasota, Adam"]
[Result "1/2-1/2"]
[WhiteElo "2025"]
[BlackElo "1753"]
[PlyCount "87"]
[EventDate "2009.06.20"]
[EventRounds "9"]
[EventCountry "POL"]

1. f4 d5 2. Nf3 g6 3. g3 Bg7 4. Bg2 c5 5. d3 Nc6 6. O-O Nf6 7. Nc3 d4 8. Na4
Qd6 9. e4 dxe3 10. Bxe3 Nd7 11. Nd2 b6 12. Ne4 Qc7 13. Nac3 Bb7 14. Qd2 Nd4 15.
a4 Nf6 16. Nxf6+ Bxf6 17. Ne4 Bg7 18. a5 Nf5 19. axb6 axb6 20. Rxa8+ Bxa8 21.
c3 Nxe3 22. Qxe3 Bxe4 23. dxe4 O-O 24. Rd1 Rd8 25. Rd3 Rxd3 26. Qxd3 Qd6 27.
Qxd6 exd6 28. Bf1 Kf8 29. Kf2 Ke7 30. Ke3 h6 31. Bb5 Bf6 32. Kd3 Ke6 33. Bc6
Bd8 34. Kc4 f5 35. Bd5+ Kf6 36. exf5 Kxf5 $11 37. Bf3 g5 38. fxg5 Bxg5 39. Kd5
Be3 40. Kxd6 c4 41. Kd5 Bc1 42. Kxc4 Bxb2 43. Kd4 Ba3 44. Kd5 $11 1/2-1/2

[Event "ch-city"]
[Site "Milanowek"]
[Date "2009.06.25"]
[Round "6.12"]
[White "Tulwin, Michal"]
[Black "Wieclawska, Katarzyna"]
[Result "1-0"]
[WhiteElo "1808"]
[BlackElo "1588"]
[PlyCount "73"]
[EventDate "2009.06.20"]
[EventRounds "9"]
[EventCountry "POL"]

1. e4 c6 2. d4 d5 3. e5 Bf5 4. g4 Bd7 5. Nc3 e6 6. Be3 Qc7 7. Bd3 b6 8. f4 c5
9. Nf3 c4 10. Be2 b5 11. a3 a6 12. Qd2 Nc6 13. O-O Nge7 14. Nh4 Ng6 15. Ng2
O-O-O 16. b3 f6 17. bxc4 bxc4 18. Rfb1 fxe5 19. fxe5 Qa5 20. Qe1 Be7 21. Bd2
Nxd4 22. Nb5 Nxe2+ 23. Qxe2 Bc5+ 24. Kh1 Qa4 25. Nd6+ Bxd6 26. exd6 Qxc2 27.
Qe3 Bb5 28. Qc5+ Kd7 29. Qc7+ Ke8 30. Bg5 Rd7 31. Qc8+ Kf7 32. Rf1+ Nf4 33.
Rxf4+ Kg6 34. Qxh8 Kxg5 35. h4+ Kg6 36. Qe8+ Kh6 37. Qh5# 1-0

[Event "ch-city"]
[Site "Milanowek"]
[Date "2009.06.25"]
[Round "6.14"]
[White "Tomczyk, Ryszard"]
[Black "Chmielewska, Joanna"]
[Result "0-1"]
[WhiteElo "1609"]
[BlackElo "1671"]
[PlyCount "132"]
[EventDate "2009.06.20"]
[EventRounds "9"]
[EventCountry "POL"]

1. d4 d5 2. Nf3 Nf6 3. c4 c6 4. Nc3 dxc4 5. a4 Bf5 6. e3 e6 7. Bxc4 Be7 8. h3
h6 9. Qb3 Qc7 10. O-O O-O 11. Re1 Nbd7 12. e4 Bh7 13. Bd2 Nb6 14. Bf1 Rad8 15.
Rad1 Rfe8 16. Bc1 a6 17. e5 Nfd5 18. Bd3 Nxc3 19. bxc3 Bxd3 20. Rxd3 c5 21.
Rdd1 c4 22. Qa2 Nd5 23. Bd2 Ra8 24. Ra1 Reb8 25. Reb1 Qc6 26. Qc2 b5 27. axb5
axb5 28. Rxa8 Rxa8 29. Qb2 Ra5 30. Ne1 Qa6 31. Nc2 Ra2 32. Qc1 Bg5 33. Bxg5
hxg5 34. g3 Nxc3 35. Nb4 Ne2+ 36. Kf1 Nxc1 37. Nxa6 Nd3 38. Nc5 Rxf2+ 39. Kg1
Rb2 40. Rf1 b4 41. Nxd3 cxd3 42. Rd1 Rb3 43. Rd2 Kh7 44. Kf2 Kg6 45. g4 Rc3 46.
Ke3 b3 47. Rb2 d2+ 48. Kxd2 Rxh3 49. Rb1 Rg3 50. Ke2 Rxg4 51. Kd3 Rg3+ 52. Kc4
g4 53. Rb2 Kf5 54. Rf2+ Rf3 55. Re2 g3 56. d5 exd5+ 57. Kxd5 Rf2 58. Re3 Kf4
59. Rxb3 g2 60. Rb1 Rf1 61. Rb4+ Kf5 62. Rb7 g1=Q 63. Rxf7+ Kg6 64. Rxf1 Qxf1
65. e6 Kf6 66. Kd6 Qd3+ 0-1

[Event "ch-city"]
[Site "Milanowek"]
[Date "2009.06.25"]
[Round "6.15"]
[White "Jarmuzynska, Kamila"]
[Black "Paziewski, Marcin"]
[Result "1-0"]
[WhiteElo "1697"]
[BlackElo "1818"]
[PlyCount "61"]
[EventDate "2009.06.20"]
[EventRounds "9"]
[EventCountry "POL"]

1. c4 Nf6 2. Nc3 e6 3. g3 d5 4. Bg2 c6 5. cxd5 exd5 6. d4 Bd6 7. Nf3 O-O 8. O-O
Re8 9. Re1 Bg4 10. Qc2 Nbd7 11. e4 dxe4 12. Nxe4 Nxe4 13. Rxe4 Nf6 14. Rxe8+
Qxe8 15. Be3 Rd8 16. Re1 Qd7 17. a3 Bf5 18. Qa4 Bb8 19. Ne5 Qd6 20. Qb3 Qe7 21.
f4 Be6 22. Qc2 Bd5 23. Nf3 Be4 24. Qa4 Rd5 25. Bf2 Qd8 26. Qb3 Rh5 27. Ng5 Bd5
28. Qxb7 Qc7 29. Qxc7 Bxc7 30. Bxd5 Nxd5 31. Re8# 1-0

[Event "ch-city"]
[Site "Milanowek"]
[Date "2009.06.25"]
[Round "6.17"]
[White "Kanach, Jerzy"]
[Black "Rozycki, Wojciech"]
[Result "0-1"]
[WhiteElo "1430"]
[BlackElo "1614"]
[PlyCount "50"]
[EventDate "2009.06.20"]
[EventRounds "9"]
[EventCountry "POL"]

1. e4 e6 2. d4 d5 3. Nc3 Bb4 4. Nge2 dxe4 5. Ng3 Nf6 6. Be2 b6 7. O-O Bb7 8.
Bg5 h6 9. Be3 Bxc3 10. bxc3 Qd6 11. c4 Nbd7 12. Qd2 O-O-O 13. Rad1 h5 14. f3 h4
15. Nh1 Rdg8 16. Bf4 Qc6 17. Nf2 g5 18. Be5 Nxe5 19. dxe5 g4 20. Nxe4 Nxe4 21.
fxe4 Qxe4 22. Bd3 Qxe5 23. Rxf7 Qd4+ 24. Kh1 h3 25. Rf2 g3 0-1

[Event "ch-city"]
[Site "Milanowek"]
[Date "2009.06.26"]
[Round "7.1"]
[White "Adamski, Jan"]
[Black "Rudolf, Michal"]
[Result "1/2-1/2"]
[WhiteElo "2300"]
[BlackElo "2377"]
[PlyCount "23"]
[EventDate "2009.06.20"]
[EventRounds "9"]
[EventCountry "POL"]

1. Nf3 Nf6 2. c4 b6 3. g3 Bb7 4. d4 e6 5. Bg2 Be7 6. Nc3 O-O 7. Qc2 d5 $11 8.
cxd5 exd5 9. O-O Nbd7 10. Rd1 Re8 11. Bf4 c6 12. Rac1 $11 1/2-1/2

[Event "ch-city"]
[Site "Milanowek"]
[Date "2009.06.26"]
[Round "7.2"]
[White "Borowicz, Przemyslaw"]
[Black "Matuszewski, Michal"]
[Result "1/2-1/2"]
[WhiteElo "1996"]
[BlackElo "2316"]
[PlyCount "93"]
[EventDate "2009.06.20"]
[EventRounds "9"]
[EventCountry "POL"]

1. d4 d5 2. c4 Nc6 3. Nf3 Bg4 4. Bf4 e6 5. e3 Nf6 6. Nc3 Bb4 7. Rc1 O-O 8. Be2
dxc4 9. Bxc4 Ne7 10. O-O c6 11. Bg5 Ne8 12. h3 Bh5 13. g4 Bg6 14. Qb3 Bxc3 15.
bxc3 b5 16. Bxe6 Qd6 17. Bxe7 Qxe7 18. Bf5 Bxf5 19. gxf5 Nd6 20. Qc2 g6 21.
fxg6 fxg6 22. Qe2 Ne4 23. Ne5 Rf5 24. Kh2 Qh4 25. Qg4 Rxf2+ 26. Rxf2 Qxf2+ 27.
Qg2 Rf8 28. Ng4 Qxg2+ 29. Kxg2 h5 30. Ne5 Rf2+ 31. Kg1 Rxa2 32. Nxc6 Ng3 33.
Rb1 Ne2+ 34. Kh1 Nxc3 35. Rb3 Ne4 36. Rxb5 g5 37. Rb8+ Kg7 38. Rb7+ Kf6 39.
Rxa7 Re2 40. Nb4 g4 41. hxg4 h4 42. Ra2 Ng3+ 43. Kg1 Re1+ 44. Kg2 Kg5 45. Ra6
Rxe3 46. Ra8 Kh6 47. Rh8+ $11 1/2-1/2

[Event "ch-city"]
[Site "Milanowek"]
[Date "2009.06.26"]
[Round "7.3"]
[White "Rozowski, Marcin"]
[Black "Nguyen, Piotr"]
[Result "0-1"]
[WhiteElo "1795"]
[BlackElo "2360"]
[PlyCount "42"]
[EventDate "2009.06.20"]
[EventRounds "9"]
[EventCountry "POL"]

1. e4 e6 2. d4 d5 3. Nd2 Be7 4. Ngf3 Nf6 5. e5 Nfd7 6. c3 c5 7. Nb3 Nc6 8. Bb5
Qb6 9. Bxc6 bxc6 10. O-O cxd4 11. cxd4 a5 12. Re1 a4 13. Nbd2 g5 14. Nf1 g4 15.
Ng5 h6 16. Nxf7 Kxf7 17. Qxg4 h5 18. Qf4+ Ke8 19. Re3 Rf8 20. Qh6 h4 21. Qxe6
Nf6 0-1